|
|
|
|
| LEADER |
00999nnm a2200289 i 4500 |
| 001 |
eta160 |
| 005 |
20180819145744.0 |
| 008 |
180515s2006 hu o 0|| ger d |
| 020 |
|
|
|a 963-9704-89-x
|
| 040 |
|
|
|a SZTE Elektronikus Tananyag Archívum
|b hun
|
| 041 |
|
|
|a ger
|
| 100 |
1 |
|
|a Árkossy Katalin
|
| 245 |
1 |
0 |
|a Ungarndeutsche Minderheitenkunde
|h [elektronikus dokumentum] /
|c Árkossy Katalin
|
| 260 |
|
|
|a Bölcsész Konzorcium
|c 2006
|
| 300 |
|
|
|a 268
|
| 516 |
|
|
|a Book
|
| 650 |
|
4 |
|a Társadalomtudományok
|
| 650 |
|
4 |
|a Szociológia
|
| 650 |
|
4 |
|a Antropológia, néprajz
|
| 650 |
|
4 |
|a Társadalomszerkezet, egyenlőtlenségek, társadalmi mobilitás, etnikumközi kapcsolatok
|
| 700 |
0 |
1 |
|a Brenner Koloman
|e aut
|
| 700 |
0 |
1 |
|a Erb Maria
|e aut
|
| 700 |
0 |
1 |
|a Gerner Susanne
|e aut
|
| 700 |
0 |
1 |
|a Knipf Elisabeth
|e aut
|
| 700 |
0 |
1 |
|a Szabó Dezső
|e aut
|
| 700 |
0 |
1 |
|a Wild Katharina
|e aut
|
| 856 |
4 |
0 |
|u https://eta.bibl.u-szeged.hu/160/1/szabo_dezso_ungarndeutsche_minderheitenkunde.pdf
|z Dokumentum-elérés
|